[Event "Charity Cup MCCT Prel 2022"]
[Site "Online"]
[Date "2022.03.15"]
[Round "3.2"]
[White "Carlsen, Magnus"]
[Black "Hansen, Eric"]
[Result "1-0"]
[WhiteElo "2865"]
[BlackElo "2606"]
[Annotator "TA"]
[PlyCount "145"]
[EventDate "2022.03.18"]
[EventType "tourn"]
[EventCountry "NET"]
[SourceTitle "playchess.com"]
[Source "ChessBase"]
[SourceQuality "1"]

{[%evp 19,145,12,22,17,14,0,24,24,11,3,11,24,31,23,28,22,41,26,35,17,64,69,64,47,37,58,59,16,5,12,14,3,10,10,67,0,0,0,0,-9,18,16,17,18,18,19,18,21,89,89,89,59,77,79,77,85,72,77,66,71,72,75,83,83,80,80,75,22,22,24,29,29,29,0,0,0,0,0,0,0,0,0,0,0,0,0,8,0,0,0,0,0,0,0,0,0,8,0,8,8,8,8,8,8,8,8,8,8,8,8,8,8,8,8,8,8,29956,29956,29955,29954,9364,6345,29973,29974,29973,29974,29973,29974]} 1. c4 Nf6 2. Nc3 e5 3. Nf3 Nc6 4. g3 d5 5. cxd5 Nxd5 6. Bg2 Nb6 7. O-O Be7 8. a3 O-O 9. b4 {[%cal Bb2b4,Bb4b5][%mdl 32]} Re8 10. d3 Bf8 11. Bg5 {A29: English Opening: Four Knights Variation with 4 g3.} f6 12. Be3 a5 13. Bxb6 {White has an edge.} cxb6 14. b5 Nd4 15. e3 {[#]} Nf5 $146 ({Predecessor:} 15... Nxf3+ 16. Qxf3 Rb8 17. Rfd1 Be6 18. d4 Qc8 19. Rdc1 Bg4 20. Qd5+ Be6 21. Qf3 Bg4 22. Qd5+ Be6 23. Qf3 {½-½ (23) Zhukova,N (2338)-Barbosa,E (2501) Caleta 2020}) 16. Nd2 Rb8 (16... Qxd3 17. Nd5 Be6 18. Be4 (18. Nc7 Qd7 $16) 18... Qxb5 19. a4 $1 $16 (19. Nc7 Qd7 $11)) 17. Nc4 Be6 18. Na4 Nd6 19. Naxb6 Nxb5 (19... e4 $11 {deserves consideration.}) 20. Qa4 $14 Nc3 21. Qc2 Nd5 22. Rfb1 Kh8 23. h4 (23. Bxd5 $14 Bxd5 24. Rb5) 23... Nxb6 $11 24. Nxb6 Qd6 25. Rb5 Red8 26. Be4 g6 (26... f5 $1 $11 27. Bf3 g6) 27. Qa4 {White is more active.} (27. a4 $14) 27... f5 28. Bd5 Bxd5 29. Nxd5 Qc6 30. Qc4 ({Not} 30. Qxa5 $2 Ra8 31. Qb6 (31. Nb4 $2 Qc3 $19) 31... Rxd5 $19) 30... Rbc8 31. Nb6 Qxc4 32. dxc4 Rc5 33. Rab1 Rxb5 (33... f4 $11 {remains equal.}) 34. Rxb5 $16 Bxa3 35. Rxa5 $11 {[%mdl 4096] Endgame KRB-KRN} Bd6 36. Ra7 Bc5 37. Rxb7 {Black must now prevent Nd7.} Rd1+ 38. Kg2 {Strongly threatening Nd5.} Rb1 39. Rb8+ Kg7 40. Nd7 {[%csl LRb1,LRc5,LRe5]} Rxb8 41. Nxb8 $16 {KB-KN} Kf7 42. Nd7 {[%csl LRc5,LRe5]} Bd6 {[#]} 43. Kf3 ({Much weaker is} 43. c5 Ke6 $11) (43. Nb6 $1 $16) 43... Ke6 44. Nb6 e4+ 45. Ke2 Be5 46. Na4 Kd6 47. Kd2 Kc6 48. Kc2 Bc7 49. Kd1 Be5 50. Ke2 Bd6 51. Kf1 Be5 52. Kg2 h5 53. Kf1 Bc7 54. Ke2 Ba5 55. Kd1 Bb4 56. Ke2 Ba5 57. f3 Bc7 58. fxe4 fxe4 59. Kf2 Be5 60. Kg2 Bf6 61. Kh3 Bg7 62. g4 Be5 63. g5 Bg7 64. Kg3 {Kf4 is the strong threat.} Be5+ 65. Kf2 Bg7 66. Ke2 Kd6 67. Nb6 {And now Nd5 would win.} Kc5 $2 {[%mdl 8192] [#] This costs Black the game.} (67... Bf8 $11) 68. Nd5 $1 Kxc4 69. Nf4 Be5 70. Nxg6 Bg3 71. Nf4 {White mates.} Bxh4 72. g6 Bf6 73. Nxh5 {Weighted Error Value: White=0.09 (flawless) /Black=0.09 (flawless)} 1-0

[Event "Charity Cup MCCT Prel 2022"]
[Site "Online"]
[Date "2022.03.15"]
[Round "3.3"]
[White "Navara, David"]
[Black "Harikrishna, Pentala"]
[Result "1/2-1/2"]
[WhiteElo "2700"]
[BlackElo "2719"]
[Annotator "TA"]
[PlyCount "98"]
[EventDate "2022.03.18"]
[EventType "tourn"]
[EventCountry "NET"]
[SourceTitle "playchess.com"]
[Source "ChessBase"]
[SourceQuality "1"]

{[%evp 12,98,20,15,8,15,22,0,4,-14,0,0,0,0,0,0,6,6,6,0,0,0,0,0,29,20,41,30,48,42,36,33,50,28,73,76,66,73,74,56,64,47,65,47,89,81,81,81,88,79,83,83,107,98,92,34,39,46,47,24,27,19,19,0,0,0,0,0,0,0,0,0,0,0,0,0,0,0,0,0,0,0,0,0,0,0,0,0,0]} 1. e4 c5 2. Nf3 e6 3. b3 b6 4. Bb2 Bb7 5. Nc3 Nc6 6. d4 cxd4 7. Nxd4 Nf6 {B40: Sicilian: 2...e6, Unusual lines.} 8. Nxc6 Bxc6 9. f3 {[#]} b5 $146 ({Predecessor:} 9... Qc7 10. Qd2 Bd6 11. Qg5 O-O-O 12. Ba6+ Kb8 13. Ne2 Bb4+ 14. Kf1 Rhg8 15. Nd4 h6 {1-0 (70) Cunha,E (2069)-Marconi,R (1961) ICCF email 2016}) 10. Qd3 ({Wrong is} 10. Nxb5 $2 Bxb5 11. Bxb5 Qa5+ 12. Qd2 Qxb5 $19) 10... Qa5 11. O-O-O {[%cal Rc3b5]} a6 12. Kb1 Ba3 13. Bxa3 Qxa3 14. e5 Nd5 15. Nxd5 Bxd5 16. Qe3 Rc8 17. Rd4 O-O 18. Bd3 {Black should prevent Rh4.} Qe7 {Inhibits Rh4.} 19. Be4 (19. Rg4 {keeps more tension.} Kh8 20. h4 f5 21. exf6 Rxf6 22. h5) 19... Bxe4 20. Qxe4 Rc7 21. Rhd1 Rfc8 22. R1d2 h6 (22... Qc5 $1 $11) 23. Rd6 $16 {[%cal Bd4d6,Bd6b6,Bb6b8][%mdl 32]} Ra7 24. f4 Rcc7 25. g3 Qe8 26. g4 {White is much more active.} Qe7 27. Rb6 Qc5 (27... Qd8 $14) 28. Rb8+ Rc8 29. Qd4 {[#] Intending Qxc5 and mate.} Rac7 30. Qxc5 Rxc5 31. Rxc8+ Rxc8 32. Rxd7 {[%mdl 4096] Endgame KR-KR} g5 33. f5 (33. fxg5 $16 hxg5 34. Ra7) 33... exf5 $1 $14 34. gxf5 Rc5 35. e6 fxe6 36. fxe6 {[#] Strongly threatening Rd8+.} Re5 {The position is equal.} 37. e7 Kf7 38. Rd6 h5 {[%cal Bh6h5,Bh5h4,Bh4g3][%mdl 32]} 39. Rxa6 Kxe7 40. Ra5 g4 {aiming for ...Re2.} 41. a4 h4 42. axb5 {And now Ra4 would win.} (42. Rxb5 Rxb5 43. axb5 g3 44. hxg3 hxg3 45. Kb2 g2 46. c3 g1=Q 47. Kc2 Qb6 48. c4 Qd4 49. b6 Qxb6 50. Kd3 Qxb3+ 51. Kd4 Qc2 52. c5 Qe2 53. c6 Kd6 54. c7 Kxc7 55. Kc3 Kd6 56. Kb3 Kc6 57. Kc3 Kc5 58. Kb3 Qd2 59. Ka3 Kc4 60. Ka4 Qb4#) 42... g3 43. hxg3 hxg3 44. Kb2 {Threatens to win with Ra8.} Re1 45. Ra7+ Kf6 46. Ra6+ $1 Kf7 (46... Kf5 $5 47. Ra8 g2 48. Rf8+ Kg4 49. Rg8+ Kf3 $11) 47. Ra7+ $1 Kf6 {( -> ...g2)} 48. Ra6+ $1 Kf7 {White must now prevent ...g2.} (48... Kf5 $5 49. Ra8 g2 50. Rf8+ Kg4 51. Rg8+ Kf3 $11) 49. Ra7+ $1 Kf6 {Weighted Error Value: White=0.04 (flawless) /Black=0.05 (flawless)} 1/2-1/2

[Event "Charity Cup MCCT Prel 2022"]
[Site "Online"]
[Date "2022.03.16"]
[Round "3.4"]
[White "Rapport, Richard"]
[Black "Duda, Jan-Krzysztof"]
[Result "1/2-1/2"]
[WhiteElo "2762"]
[BlackElo "2760"]
[Annotator "TA"]
[PlyCount "186"]
[EventDate "2022.03.18"]
[EventType "tourn"]
[EventCountry "NET"]
[SourceTitle "playchess.com"]
[Source "ChessBase"]
[SourceQuality "1"]

{[%evp 16,186,7,0,0,0,0,0,15,-8,-10,-12,0,-8,-8,-14,-27,-24,-33,-26,-6,0,12,21,17,0,0,0,0,-7,-8,-28,0,0,0,0,0,0,0,0,0,-14,0,-6,0,0,0,0,0,0,0,-2,37,33,36,35,37,36,41,38,39,40,41,41,46,45,47,29,35,35,35,35,35,35,43,22,22,0,22,22,22,20,22,20,22,22,28,28,28,28,37,0,0,0,30,30,37,22,27,27,37,37,46,44,60,60,60,60,68,68,68,68,68,68,68,68,68,68,68,0,68,0,82,68,82,68,82,82,82,68,68,60,80,40,61,40,40,40,50,40,39,0,40,0,25,0,34,0,8,0,0,-67,0,0,0,0,0,0,0,0,0,0,0,0,0,0,0,0,0,0,0,0,0]} 1. e4 e5 2. Nf3 Nc6 3. g3 Nf6 4. d3 g6 5. Bg2 Bg7 6. O-O O-O 7. Re1 d5 8. exd5 Nxd5 9. Nc3 $1 {9.Nc3 is better than 9.Nbd2.} Nxc3 {A07: Réti Opening: New York and Capablanca Systems.} 10. bxc3 Rb8 11. Nd2 Qd7 {[#]} 12. h4 $146 ({Predecessor:} 12. Qf3 Nd8 13. d4 Nc6 14. Ba3 Re8 15. Qe3 b6 16. f4 f6 17. Rad1 Bb7 18. dxe5 fxe5 {½-½ (25) Rechlis,G (2498)-Nabaty,T (2644) Israel 2020}) 12... b6 13. h5 Bb7 14. Rb1 {[%cal Ba1b1,Bb1b4,Bb4a4][%mdl 32]} Nd8 15. hxg6 hxg6 16. Rb4 Bxg2 (16... Re8 {is interesting.} 17. Rh4 Bxg2 18. Kxg2 Ne6 19. Qf3 f5) 17. Kxg2 Qd5+ (17... f5 {seems wilder.} 18. Rh4 Nf7 19. g4 Qc6+ 20. f3 Nd6) 18. Qf3 Qxf3+ 19. Nxf3 c5 20. Ra4 Nc6 21. g4 f6 22. Be3 Rfe8 {[%cal Bf8e8,Be8e6,Be6d6][%mdl 32]} 23. Rb1 Bf8 24. Nd2 Re6 25. Ne4 Be7 26. Ng3 Rf8 27. Bd2 f5 28. f3 Rf7 29. Rh1 Rd6 30. Rh6 Bf8 31. Rh1 Be7 32. Bc1 a5 33. Rc4 Rd5 {[#] Strongly threatening ...b5.} 34. a4 f4 35. Nf1 {[%cal Bg3f1,Bf1d2,Bd2c4][%mdl 32]} Rh7 36. Rxh7 Kxh7 37. Re4 Bd8 38. Nd2 Kg8 39. Nc4 Kf7 40. Bd2 Bc7 41. Re1 Rd8 42. Rh1 {[#] Black must now prevent Rh7+.} Kg7 {Prevents Rh7+.} 43. Rb1 Rb8 44. Na3 Rh8 45. Re1 Kf7 46. Nc4 Kf6 47. Bc1 Ne7 48. Nd2 Nd5 49. Ne4+ Kg7 50. Bd2 Nf6 51. Ng5 {Threatens to win with Ne6+.} Re8 {To avoid Ne6+} 52. c4 Kh6 53. Nf7+ Kg7 54. Ng5 Kh6 55. Nh3 {Hoping for g5+.} g5 $1 56. Bc3 Kg6 57. Nf2 Kf7 58. Rb1 Re7 59. Rh1 Kg7 60. Bb2 Re8 61. Nd1 Kg6 62. Nc3 Rd8 63. Re1 Bb8 64. Ba1 Kf7 65. Rh1 Kg6 66. Kf1 Kg7 67. Kg2 Kg6 $1 68. Bb2 Bc7 $1 69. Bc1 Bb8 70. Bd2 Bc7 71. Rb1 Kg7 72. Be1 Kg6 73. Bf2 Rd7 74. Kf1 Kf7 75. Ke2 Kg6 76. Rh1 Kg7 77. Kd2 Kg6 78. Nd5 Bd8 79. Kc3 Rd6 80. Re1 Nd7 81. Kb3 Kf7 82. Rh1 {Prevents Rh6.} Kg7 83. c3 ({Better is} 83. Nc3 $11) 83... Rh6 (83... e4 $1 $15 84. fxe4 (84. dxe4 $2 Ne5 $19) 84... Ne5) 84. Rxh6 $11 {The position is equal.} Kxh6 {[%mdl 4096] Endgame KBN-KBN} 85. d4 Kg6 86. Kc2 Bf6 {[%cal Re5d4]} 87. dxc5 bxc5 {[%cal Oe5e4] aiming for ...e4!} 88. Kd3 Kf7 89. Ke4 Ke6 90. Nc7+ Kd6 91. Nd5 Ke6 92. Nc7+ Kd6 93. Nd5 Ke6 {Weighted Error Value: White=0.04 (flawless) /Black=0.04 (flawless)} 1/2-1/2

[Event "Charity Cup MCCT Prel 2022"]
[Site "Online"]
[Date "2022.03.15"]
[Round "3.5"]
[White "Lei, Tingjie"]
[Black "Vidit, Santosh Gujrathi"]
[Result "0-1"]
[WhiteElo "2535"]
[BlackElo "2727"]
[Annotator "TA"]
[PlyCount "112"]
[EventDate "2022.03.18"]
[EventType "tourn"]
[EventCountry "NET"]
[SourceTitle "playchess.com"]
[Source "ChessBase"]
[SourceQuality "1"]

{[%evp 14,112,29,18,21,25,23,24,25,21,21,21,28,10,11,19,5,10,10,14,12,-27,-8,-27,-28,-23,-33,-62,-18,-22,-25,-54,-54,-89,-91,-91,-76,-91,-91,-115,-108,-108,-104,-124,-124,-145,-151,-148,-139,-196,-189,-226,-229,-221,-214,-208,-217,-215,-202,-196,-177,-175,-182,-176,-163,-171,-180,-173,-183,-175,-177,-183,-176,-175,-175,-141,-126,-126,-126,-126,-117,-129,-129,-129,-128,-147,-147,-147,-151,-200,-185,-304,-293,-279,-282,-375,-352,-421,-374,-451,-442]} 1. e4 e5 2. Nf3 Nc6 3. Bc4 Nf6 4. Ng5 d5 5. exd5 Na5 6. Bb5+ c6 7. dxc6 bxc6 8. Bd3 {outshines the older 8.Be2.} Nd5 {C58: Two Knights: 4 Ng5 d5 5 exd5 Na5 sidelines.} 9. Nf3 ({Not} 9. Qh5 g6 10. Nxf7 gxh5 $17) 9... Bd6 10. O-O Nf4 {White has an edge.} 11. Nc3 Nxd3 12. cxd3 O-O 13. b3 c5 14. Ba3 Ba6 15. Re1 Re8 16. Ne4 Bxd3 {[#]} 17. Nxd6 $146 ({Predecessor:} 17. Nfg5 Be7 18. Qf3 Bxg5 19. Nxg5 Bg6 20. Ne4 Nc6 21. Bxc5 Nd4 22. Qd3 Ne6 23. Qc4 {½-½ (33) Postupa,P (2237)-Cvak,R (2322) ICCF email 2016}) 17... Qxd6 18. Rc1 Nb7 19. Re3 Rad8 {[%cal Ba8d8,Bd8d2,Bd2a2][%mdl 32]} 20. Ne1 Bb5 {Black is more active.} (20... Bg6 $15) 21. Rec3 {[%cal Ra3c5]} Qxd2 22. Qxd2 Rxd2 23. Bxc5 Rxa2 24. Be3 Nd6 25. Nd3 a6 26. h3 f6 27. Nb4 Rb2 28. Nd3 Re2 29. Rd1 {[#]} Nf5 $1 30. Bb6 {[#]} Rb8 $1 31. Bc7 (31. Ba5 $17 {was called for.}) 31... Rb7 $19 32. Ba5 Rd7 {Threatens to win with ...e4.} 33. Rc8+ Kf7 34. Rc7 Rxc7 35. Bxc7 Rc2 36. Bb6 Rc6 37. Ba7 Rc7 38. Bb6 Rb7 39. Bc5 Rd7 40. Nb2 Nd4 41. b4 Ke6 42. f3 g5 43. Kf2 h5 44. Rd2 h4 45. Nd1 Nb3 46. Rxd7 Bxd7 $17 {[%mdl 4096] Endgame KBN-KBN} 47. Bf8 Nc1 48. Nc3 Nd3+ 49. Ke3 Nf4 50. Kf2 Bc6 51. Ne2 (51. Kg1 $17 {keeps fighting.}) 51... Nd5 52. Bc5 (52. Nc1 $142) 52... Bb5 $19 {...Bxe2 is the strong threat.} 53. Nc1 Bc4 {Prevents Nb3.} 54. Bf8 Kd7 55. Ke1 Kc6 56. Kd2 Bf1 {Weighted Error Value: White=0.16 (very precise) /Black=0.04 (flawless)} 0-1

[Event "Charity Cup MCCT Prel 2022"]
[Site "Online"]
[Date "2022.03.15"]
[Round "3.6"]
[White "Praggnanandhaa R"]
[Black "Ju, Wenjun"]
[Result "1-0"]
[WhiteElo "2612"]
[BlackElo "2560"]
[Annotator "TA"]
[PlyCount "81"]
[EventDate "2022.03.18"]
[EventType "tourn"]
[EventCountry "NET"]
[SourceTitle "playchess.com"]
[Source "ChessBase"]
[SourceQuality "1"]

{[%evp 18,81,0,-1,0,-3,22,32,27,28,29,26,25,29,29,23,27,15,15,18,54,60,79,97,102,85,91,85,113,98,98,102,207,190,205,169,385,384,373,370,388,371,524,523,584,552,742,604,741,742,742,742,696,716,704,670,677,653,891,872,891,874,836,785,798,797]} 1. Nf3 d5 2. g3 Nf6 3. Bg2 e6 4. O-O Be7 5. b3 O-O 6. Bb2 c5 7. c4 d4 8. e3 Nc6 9. exd4 cxd4 10. Re1 a5 {[%cal Oa5a4] A14: English Opening: 1...e6 with b3 by White.} 11. d3 {[#]} Bd6 $146 ({Predecessor:} 11... Bc5 12. Na3 Re8 13. Nb5 e5 14. a3 h6 15. Nd2 Bf5 16. Qe2 Qd7 17. Ne4 Nxe4 18. Bxe4 Bxe4 19. Qxe4 {1-0 (47) Artemiev,V (2700)-Nguyen,T (2609) Warsaw 2021}) 12. Nxd4 Nxd4 {White is slightly better.} 13. Bxd4 {Hoping for Bb2.} Bxg3 $1 14. hxg3 Qxd4 15. Na3 Rd8 16. Qe2 Qb6 17. Qe3 (17. Rad1 {is more complex.} Bd7 18. d4 Qa7 19. c5 Bc6 20. Nb5) 17... Qxe3 18. Rxe3 {[%cal Be1e3,Be3d3,Bd3d2,Bd2b2][%mdl 32]} a4 19. b4 {[%cal Bb3b4,Bb4b5][%mdl 32]} Bd7 20. b5 {White stays focused until the end.} ({Of course not} 20. Bxb7 Rab8 $11) 20... Rab8 21. d4 Be8 22. Rd1 b6 23. Red3 {White is more active.} Kf8 24. R3d2 h5 {[#]} (24... Rbc8 $16 {was called for.}) 25. c5 $1 $18 Nd5 26. c6 {Black must now prevent Bxd5.} f6 $2 (26... Nc7 27. f4 g6) 27. Bxd5 Rxd5 28. Rb2 Ke7 29. Rb4 e5 (29... Kd8 $142 30. Nc4 Bxc6) 30. Nc4 {c7 is the strong threat. White is clearly winning.} Rxd4 31. Rxd4 exd4 {[%mdl 4096] Endgame KRB-KRN} 32. c7 Rc8 33. Nxb6 {[%mdl 64] [#] Discovered Attack, Double Attack} Rxc7 34. Nd5+ Kd6 35. Nxc7 Kxc7 36. Rxa4 {KR-KB} d3 37. Rc4+ Kb6 38. a4 Bf7 39. Rc6+ Ka5 40. Ra6+ Kb4 41. Rd6 {Weighted Error Value: White=0.03 (flawless) /Black=0.31} 1-0

[Event "Charity Cup MCCT Prel 2022"]
[Site "Online"]
[Date "2022.03.15"]
[Round "3.7"]
[White "Van Foreest, Jorden"]
[Black "Le, Quang Liem"]
[Result "1/2-1/2"]
[WhiteElo "2702"]
[BlackElo "2709"]
[Annotator "TA"]
[PlyCount "134"]
[EventDate "2022.03.18"]
[EventType "tourn"]
[EventCountry "NET"]
[SourceTitle "playchess.com"]
[Source "ChessBase"]
[SourceQuality "1"]

{[%evp 11,134,5,29,26,26,27,27,23,37,29,30,25,33,27,27,20,76,82,76,58,72,70,52,62,51,64,55,22,81,65,77,30,25,31,27,46,35,32,32,17,12,0,0,0,0,0,14,0,0,0,0,0,0,0,0,0,0,0,0,0,0,0,0,0,0,0,0,0,0,0,0,0,0,0,0,0,0,0,0,0,0,0,0,0,0,0,0,0,15,15,15,15,15,15,15,0,0,0,15,15,15,15,15,15,15,15,15,15,15,15,15,15,15,15,15,0,0,0,15,0,0,0,15,0,0]} 1. e4 {ChessBase II} e5 2. Nc3 Nc6 {[%cal Bb8c6,Bc6e7,Be7g6][%mdl 32]} 3. Bc4 Nf6 4. d3 Bb4 5. Nf3 O-O 6. O-O d6 (6... Bxc3 $5 7. bxc3 d6 $11) 7. Ne2 {C42: Petroff Defence: 3 Nxe5 and unusual White 3rd moves.} Ne7 8. c3 Ba5 9. Ng3 {[#] White has an edge.} c6 $146 ({Predecessor:} 9... Ng6 10. d4 c6 11. Be3 Kh8 12. dxe5 Ng4 13. Bg5 f6 14. exf6 gxf6 15. Bc1 Bc7 {1-0 (28) Curt,C-Koehler,G Sylvan Beach 1905 EXT 2002 [ChessBase II]}) 10. Bb3 Ng6 11. d4 {[%cal Bd3d4,Bd4e5][%mdl 32]} h6 12. h3 Re8 13. Bc2 d5 {[#]} (13... Qc7 $11) 14. Nxe5 $1 $16 Nxe5 15. dxe5 Nxe4 16. Nxe4 dxe4 17. Qh5 g6 $1 18. Qxh6 {[#] And now Bg5 would win.} Rxe5 19. Re1 Qe7 ({Resist} 19... Rh5 20. Qd2 $16) (19... Be6 $1 $11) 20. Be3 {Strongly threatening Bb3.} (20. Bf4 $2 Rh5 21. Rxe4 Be6 $19) 20... Bb6 21. Bd4 (21. a3 $16) 21... Bxd4 $11 22. cxd4 Qg5 23. Qxg5 Rxg5 24. Bxe4 {[%cal Od4d5]} ({But not} 24. Rxe4 Bxh3 25. g3 Be6 $15) 24... Be6 {Inhibits d5.} 25. h4 Rb5 {The position is equal.} 26. b3 {[%cal Oe4g6,Bb2b3,Bb3a4][%mdl 32]} Kg7 27. Rad1 a5 28. Bc2 a4 29. bxa4 Rb2 30. Bb3 Bxb3 31. axb3 Rxb3 {[%mdl 4096] Endgame KRR-KRR} 32. d5 cxd5 33. Rxd5 Rxa4 34. h5 Rab4 35. hxg6 Rb1 36. Rxb1 Rxb1+ {KR-KR} 37. Kh2 {Black must now prevent gxf7.} Kxg6 38. g4 b5 {[%cal Bb7b5,Bb5b4,Bb4b3,Bb3b2][%mdl 32]} 39. Rd6+ Kg7 40. Rb6 b4 41. Kg3 b3 42. Kf4 Rb2 43. f3 Rb1 44. Kf5 b2 45. f4 Kh7 46. Rb8 Kg7 47. Rb7 Kg8 48. Kg5 Kg7 49. f5 Rf1 50. Rxb2 f6+ 51. Kh4 Rh1+ 52. Kg3 Rg1+ 53. Kf4 Rf1+ 54. Kg3 Rg1+ 55. Kf3 Rf1+ 56. Kg2 Ra1 57. Rb6 Ra3 58. Rd6 Rb3 59. Re6 Ra3 60. Kf2 Rb3 61. Re3 Rb1 62. Kg3 Rg1+ 63. Kf4 Rf1+ 64. Rf3 Ra1 65. Re3 Rf1+ 66. Rf3 Ra1 67. Re3 Rf1+ {Weighted Error Value: White=0.04 (flawless) /Black=0.05 (flawless)} 1/2-1/2

[Event "Charity Cup MCCT Prel 2022"]
[Site "Online"]
[Date "2022.03.15"]
[Round "3.8"]
[White "Anton Guijarro, David"]
[Black "Jones, Gawain C B"]
[Result "1-0"]
[WhiteElo "2691"]
[BlackElo "2671"]
[Annotator "TA"]
[PlyCount "89"]
[EventDate "2022.03.18"]
[EventType "tourn"]
[EventCountry "NET"]
[SourceTitle "playchess.com"]
[Source "ChessBase"]
[SourceQuality "1"]

{[%evp 18,89,0,17,25,24,17,18,29,19,27,17,46,39,47,30,37,29,33,29,35,35,42,43,116,102,108,83,106,110,112,103,106,102,120,116,541,545,557,537,552,541,490,489,857,837,1374,1282,1366,1225,1781,978,29981,29982,29982,29981,29981,29982,29982,29983,29983,29984,29984,29985,29985,29985,29985,29986,29986,29987,29987,29988,29987,29988]} 1. d4 Nf6 2. Nf3 g6 3. Nbd2 Bg7 4. e4 O-O 5. c3 d6 6. Be2 Nc6 7. O-O e5 8. dxe5 Nxe5 9. Nxe5 dxe5 10. Qc2 a5 {B07: Pirc Defence: Miscellaneous Systems.} 11. a4 Qe7 12. Nc4 b6 {The position is equal.} 13. b3 Rd8 14. Bg5 {[%cal Bc1g5,Bg5h4,Bh4f2][%mdl 32]} Bb7 15. f3 {[#]} Ba6 $146 ({Predecessor:} 15... h6 16. Bh4 Rd7 17. Rfd1 Rad8 18. Rxd7 Rxd7 19. Rd1 Qe6 20. Ne3 Rxd1+ 21. Qxd1 Qd7 22. Qxd7 Nxd7 {1-0 (66) Gritsak,O (2497)-Peng,L (2216) Lutsk 2017}) 16. Rfd1 h6 17. Bh4 Qe6 18. Rxd8+ Rxd8 19. Rd1 Rd7 20. Bf2 Bf8 (20... Rxd1+ $14 21. Qxd1 Nd7) 21. Rxd7 $16 Nxd7 {[#]} 22. Nxe5 $1 {[%mdl 512]} Qxe5 (22... Bxe2 23. Nxd7) 23. Bxa6 Bc5 24. Qd2 {[%csl LRd7,LRh6]} Bxf2+ 25. Kxf2 Nc5 26. Bc4 Qxh2 {[%mdl 8192] A mistake that costs the game.} (26... Qf6 $16 27. Ke2 (27. Qxh6 Nxe4+ 28. Kg1 Nxc3 $11) 27... g5) 27. Qd8+ $18 Kg7 28. Qd4+ f6 29. b4 Qh4+ 30. Ke2 axb4 (30... Qh2 $142 31. bxc5 Qxg2+ 32. Ke3 Qg5+ 33. Kd3 h5 34. cxb6 cxb6 35. Qxb6 Qg3) 31. cxb4 {[%cal Bc3b4,Bb4c5,Bc5b6][%mdl 32]} Qh1 32. bxc5 {Intending Qd7+ and mate.} Qxg2+ 33. Qf2 Qh1 34. cxb6 Qb1 35. Qd4 {White mates.} Qc2+ 36. Ke1 Qc1+ 37. Kf2 Qc2+ 38. Kf1 Qc1+ {[#]} 39. Kg2 $1 Qg5+ 40. Kf2 Qh4+ 41. Ke2 Qh2+ 42. Kd3 Qh3 43. b7 Qxf3+ 44. Kc2 Qg2+ 45. Kb3 {Weighted Error Value: White=0.04 (flawless) /Black=0.57} 1-0

[Event "Charity Cup MCCT Prel 2022"]
[Site "Online"]
[Date "2022.03.15"]
[Round "4.1"]
[White "Niemann, Hans Moke"]
[Black "Jones, Gawain C B"]
[Result "1-0"]
[WhiteElo "2642"]
[BlackElo "2671"]
[Annotator "TA"]
[PlyCount "145"]
[EventDate "2022.03.18"]
[EventType "tourn"]
[EventCountry "NET"]
[SourceTitle "playchess.com"]
[Source "ChessBase"]
[SourceQuality "1"]

{[%evp 11,145,6,14,11,15,-15,-15,-19,-18,-32,0,0,0,0,0,0,5,0,0,-68,-68,-75,-82,-91,-67,-66,-32,-24,0,-8,0,0,0,-18,0,0,8,0,0,0,0,-7,64,57,75,72,61,74,137,87,168,148,164,177,247,153,179,94,179,172,172,162,264,268,253,231,286,275,415,400,333,390,653,660,615,497,542,502,557,584,587,586,532,544,451,347,340,284,578,586,781,760,810,1352,1306,1290,1682,1520,4706,2753,5923,5720,5394,4922,29970,29971,29973,29974,29973,29974,29975,29976,29976,29977,29981,29982,29982,29983,29983,29984,29982,29983,29991,29987,29987,29988,29988,29989,29989,29990,29990,29988,29988,29989,29989,29990]} 1. e4 e5 2. Nf3 Nc6 3. Bb5 a6 4. Ba4 Nf6 5. O-O Bc5 6. Bxc6 dxc6 ({Resist} 6... bxc6 7. Nxe5 Nxe4 8. Qe2 $16 (8. Qf3 Ng5 $11)) 7. d3 {C78: Ruy Lopez: Archangelsk and Möller Defences.} Qe7 8. Nc3 Bg4 9. h3 {The position is equal.} Bh5 10. Be3 O-O-O (10... Nd7 {feels hotter.} 11. Qe2 O-O-O 12. a4 f6 13. Rfb1 Bd4) 11. Bxc5 Qxc5 12. Qe2 {[#]} Nd7 $146 ({Predecessor:} 12... h6 13. Qe3 Qxe3 14. fxe3 Rhe8 15. a4 Nd7 16. g4 Bg6 17. Nh4 Rf8 18. Nxg6 fxg6 {½-½ (37) Setiabudi,A (1906)-McGuirk,M Cammeray 2011}) 13. Qe3 f6 14. Qxc5 Nxc5 15. g4 (15. b4 $11 Ne6 16. Nd2) 15... Bf7 $15 16. h4 Be6 17. g5 Bg4 18. Nh2 Bh5 19. gxf6 $1 gxf6 20. f3 $1 Ne6 21. Ne2 $1 c5 {[%cal Oc5c4]} 22. Rad1 Rd6 23. Kf2 Rhd8 {[%cal Oc5c4]} 24. Ke3 c4 25. Ng4 Nc5 {[%cal Rc4d3]} 26. d4 c6 (26... Bxg4 $11 27. fxg4 Na4) 27. Nf2 $14 exd4+ 28. Rxd4 Rxd4 29. Nxd4 Na4 (29... Rg8 $142) 30. Rb1 ({Better is} 30. Rg1 $1) 30... c5 (30... a5 $16) 31. Ne2 b5 32. Ng3 Bg6 (32... Bf7 $142 33. Ng4 Rd6) 33. Ng4 Rf8 34. h5 ({White should play} 34. Kf4 $18) 34... Be8 (34... f5 $16 {is a better defense.}) 35. Kf4 $18 Kc7 {[#]} 36. h6 $1 Bd7 (36... a5 $142 37. Ne3 Bg6 38. Nd5+ Kb7) 37. Nf5 Be6 38. Ng7 Bxg4 39. fxg4 {[%mdl 4096] Endgame Strongly threatening Ne6+. KRN-KRN} Kd6 {Prevents Ne6.} (39... Kc6 $142 40. Kf5 Nb6) 40. Rd1+ Kc6 41. Nf5 Rf7 $2 (41... b4 42. Rd6+ Kb5) 42. Rd6+ Kb7 43. Rd8 {Black must now prevent Nd6+.} Kc6 44. Rc8+ Kb6 45. Nd6 Rd7 {[#]} 46. e5 fxe5+ 47. Kxe5 {Hoping for Ke6.} Re7+ 48. Kf6 Re2 49. b3 Rxc2 $2 (49... Nc3 50. bxc4 Rxc2) 50. bxa4 {KRN-KR} Rf2+ 51. Kg7 c3 52. a5+ Kxa5 53. Rxc5 Kb4 {[#]} 54. Rxc3 $3 {[%mdl 512] Rc6 is the strong threat.} Rg2 (54... Re2 55. Rb3+) 55. Rc6 Rxg4+ 56. Kxh7 a5 57. Rb6 Kc5 58. Rxb5+ {White mates.} Kxd6 59. Rxa5 {KR-KR} Ke6 60. Ra7 Kf6 61. a4 {[%cal Ba2a4,Ba4a5,Ba5a6,Ba6a7][%mdl 32]} Rc4 62. a5 Rc5 63. a6 Rc8 64. Rb7 Ra8 65. a7 Rc8 66. Rb6+ Kf7 67. Ra6 Ra8 68. Ra1 Kf6 69. Ra2 Kf7 70. Ra6 Kf8 71. Rf6+ Ke8 72. Kg8 Kd7+ 73. Kg7 {Weighted Error Value: White=0.15 (very precise) /Black=0.49} 1-0